00556nam a2200193Ia 4500008004100000020001400041082001500055100001600070245004400086250000600130260003400136300001600170500002400186650001200210700002100222942000700243952009500250999001700345230524s9999 xx 000 0 und d a818814453 aQA267bPAT aR.B. Patel  0aTheory of Automata and Formal Languages a2 aNew DelhibUmesh Publi.c2007 a"XII,546p;" aQuantity Number: 1 aComp-Sc aPrem Nath941981 cBK 00104070aTATCLbTATCLcGENd2023-05-24l0oQA267 PATp53840r2023-05-24w2023-05-24yBK c56396d56396